Teología Cristiana - Encuesta - Estadísticas

Estadísticas generales
  • Esta prueba ha sido intentada 10 veces
  • La puntuación promedio es 22 de 133
Estadísticas de respuestas
Pregunta Azulejo Select % Correcto
¿qué es Dios para ti? 1 Dios es un ser omnipotente, personal, omnisciente, eterno y omnibenevolente
100%
¿quién es Dios para ti? 1 Hay un Dios en tres personas: Padre, Hijo y Espíritu Santo
100%
el rol de la tradición en tu vida. 1 Esencial para el entendimiento de la fe y la interpretación de las Escrituras.
71%
¿cuál es tu entendimiento del Espíritu Santo? 1 La tercer persona de la Trinidad, Señor, dador de vida; procedente del Padre y del Hijo.
71%
¿cómo ves a María y a los santos? 1 La veneración es apropiada, son ejemplos de fe
71%
¿porqué Cristo tuvo que morir? 2 La muerte y resurrección logró la victoria sobre la muerte y el pecado, liberandonos
71%
¿quién puede ser salvo? 2 La salvación es a través de Cristo, pero la gracia de Dios puede alcanzar a otros
71%
¿a quién deberíamos bautizar? 1 Bebés
57%
¿que onda con el libre albedrío? 1 Dios elige basándose en la fe prevista. Los humanos tienen libre albedrío para aceptar o rechazar
57%
¿cuál es tu entendimiento de Jesucristo de Nazaret 1 Él es la segunda persona de la Trinidad: consubstancial con el Padre
57%
¿qué uso le das a los credos y confesiones? 1 Los credos antiguos son resúmenes importantes y autoritativos de la fe
57%
¿a quién deberíamos bautizar? 2 Creyentes
57%
¿cuál es la fuente principal y/o infalible de autoridad? 3 La sagrada Tradición, que encapsula las Escrituras, vidas de los santos, concilios y credos
57%
¿qué tan alto pones a María? 4 María es intercesora, Reina del Cielo y la mejor creación de Dios
57%
¿aceptas los concilios de Vaticano I y Vaticano II? 1 Acepto tanto Vaticano I como Vaticano II
43%
¿cómo, o por quién, debería ser gobernada la iglesia? 1 Por el obispo de Roma, quien controla a los obispos leales a la Santa Sede
43%
¿qué tan alto pones a María? 2 María es la madre de Dios, ella podría haber sido virgen por toda su vida
43%
¿qué tan alto pones a María? 3 María ascendió al cielo y nunca pecó
43%
¿podemos venerar a los íconos/imágenes? 3 Venerar íconos es bueno y lleva a Dios, pero no es necesario
43%
¿está Cristo presente en la comunión? 4 Sí, el pan y el vino son aniquilados para convertirse en Cristo
43%
¿cómo ves a la muerte? 5 El cielo y el infierno son maneras de percibir la Gloria de Dios
43%
¿cómo somos salvos? [SOTEROLOGÍA] Por gracia a través de: fe, bautismo, la comunión, participar en la iglesia y cooperar con Dios
43%
¿se puede perder la salvación? [APOSTASÍA] 1 Si, la salvación puede ser perdida por el abandono de fe o el pecado mortal
29%
¿cómo somos salvos? [SOTEROLOGÍA] 2 A través de la fe, el arrepentimiento y el bautismo para la redención de los pecados
29%
¿cómo ves a la muerte? 2 Hay algún proceso de purificación post-mortem, pero no un lugar estricto
29%
¿cómo ves a los regalos espirituales del E.S.? 2 Los dones ocurren actualmente, pero el discernimiento es clave.
29%
¿que onda con el libre albedrío? 2 Los humanos son completamente capaces de elegir a Dios e iniciar la salvación por sí mismos
29%
¿cómo es el fin del mundo? 2 No hay rapto
29%
¿cómo somos salvos? [SOTEROLOGÍA] 3 La gracia recibida por la fe, que lleva a una vida de santidad y transformación
29%
¿está Cristo presente en la comunión? 3 Sí, Cristo y los elementos están conviven de una manera misteriosa
29%
¿cómo somos salvos? [SOTEROLOGÍA] 4 A través de fe, arrepentimiento y ordenanzas
29%
¿cuál es la fuente principal y/o infalible de autoridad? 4 Escritura, razón, tradición y experiencia espiritual.
29%
¿cuál es tu entendimiento de Jesucristo de Nazaret 4 Jesús es la manifestación del Padre, Hijo y Espíritu Santo
29%
¿porqué Cristo tuvo que morir? 4 La vida, enseñanzas y muerte de Jesús muestran un ejemplo de amor a la humanidad
29%
¿quién es Dios para ti? 4 Padre, Hijo y Espíritu Santo son manifestaciones del mismo Dios
29%
¿qué es Dios para ti? 5 Dios es una ley universal
29%
¿cómo ves a los regalos espirituales del E.S.? 5 El Espíritu Santo actúa a través de la Iglesia, los sacramentos y la unidad de los creyentes.
29%
¿cómo ves a los regalos espirituales del E.S.? 6 El Espíritu Santo trabaja mediante la fortaleza moral y la comprensión.
29%
¿cuál es tu entendimiento del Espíritu Santo? 6 El Espíritu y Luz de Dios, quien ilumina a los creyentes
29%
¿cómo es el fin del mundo? 9 Los mil años son simbólicos entre la ascención y la segunda vuelta de Cristo
29%
¿cómo, o por quién, debería ser gobernada la iglesia? 12 La iglesia no debería de tener gobernador visible, solo a Cristo
14%
¿cómo ves a los regalos espirituales del E.S.? 1 El Espíritu Santo está actuando activamente en el mundo a través de Sus dones (glosolalia).
14%
¿quién puede ser salvo? 1 La fe consciente en Cristo es la única manera, pero no se limita a una sola denominación
14%
¿aceptas los concilios de Vaticano I y Vaticano II? 2 Desconfío de Vaticano II, pero acepto totalmente Vaticano I
14%
¿qué uso le das a los credos y confesiones? 2 Las confesiones son valiosas, pero subordinadas a la Biblia
14%
¿podemos venerar a los íconos/imágenes? 2 Los íconos no son malos, pero venerarlos lleva inevitablemente a la idolatría
14%
¿cuál es tu entendimiento de Jesucristo de Nazaret 2 Una persona con UNA SOLA naturaleza: que encapsula la esencia divina y humana
14%
¿cómo ves a los regalos espirituales del E.S.? 3 El Espíritu Santo trabaja principalmente para santificar y guiar a los creyentes
14%
¿cómo ves a la muerte? 3 El purgatorio existe
14%
el rol de la tradición en tu vida. 3 Importante para el contexto histórico y la historia, pero no autoritativa
14%
¿cómo, o por quién, debería ser gobernada la iglesia? 3 Por papas elegidos de manera alterna al obispo de Roma
14%
¿se puede perder la salvación? [APOSTASÍA] 3 Si, la promesa de exaltación puede romperse si uno no cumple sus deberes
14%
¿cómo ves a la muerte? 4 El cielo y el infierno son lugares físicos, separados de la Tierra
14%
¿qué uso le das a los credos y confesiones? 4 Enfocado en la experiencia espiritual del ahora, los credos históricos no son tan relevantes
14%
¿cómo es el fin del mundo? 4 Hay un rapto a mitad de la tribulación, con la séptima trompeta
14%
¿cómo ves a los regalos espirituales del E.S.? 4 Los dones carismáticos cesaron con los apóstoles y la publicación de la Biblia.
14%
¿se puede perder la salvación? [APOSTASÍA] 4 Los elegidos verdaderos no pueden perder la salvación, pero aquellos que parecen
14%
¿podemos venerar a los íconos/imágenes? 4 SI NO BESAS AL ÍCONO ERES ANATEMA
14%
¿que onda con el libre albedrío? 5 Dios permite que ocurra la caída, predestina y salva a los elegidos.
14%
¿cómo, o por quién, debería ser gobernada la iglesia? 5 Entre todos los obispos pero con un primero entre iguales, como el Papa o el Obispo de Canterbury
14%
¿cuál es tu entendimiento de Jesucristo de Nazaret 5 Hijo de Dios, pero creado y subordinado al Padre
14%
¿está Cristo presente en la comunión? 5 Tanto Cristo como María están en los elementos
14%
¿aceptas los concilios de Vaticano I y Vaticano II? 6 No soy católico / No entiendo de que hablas
14%
¿se puede perder la salvación? [APOSTASÍA] 6 Todos somos salvos
14%
¿cómo es el fin del mundo? 7 Cristo reinará la tierra mil años después de volver
14%
¿que onda con el libre albedrío? 8 Dios elige y da fe, pero los hombres pueden rechazarla después
14%
¿cómo es el fin del mundo? 8 El mundo será cristianizado con el tiempo (milenio), y ahí Cristo volverá
14%
¿cómo, o por quién, debería ser gobernada la iglesia? 9 Por sínodos de los líderes religiosos de la zona
14%
¿cómo, o por quién, debería ser gobernada la iglesia? 10 El rey o monarca debería ser el gobernador supremo de la iglesia
0%
¿cómo, o por quién, debería ser gobernada la iglesia? 11 El gobierno comunista de China debería tener decisiones en la iglesia
0%
¿cómo ves a la muerte? 1 El purgatorio no existe
0%
¿porqué Cristo tuvo que morir? 1 Jesús fue castigado por Dios en nuestro lugar, para satisfacer la justicia divina
0%
¿cómo es el fin del mundo? 1 La escatología conocida es falsa, o no está en lo correcto
0%
¿está Cristo presente en la comunión? 1 No, el pan y el vino solo son memoriales de su sacrificio
0%
¿podemos venerar a los íconos/imágenes? 1 ¡No! Las imágenes de Cristo son pecaminosas per se, y venerarlas es aún peor
0%
¿qué tan alto pones a María? 1 No preferiría llamar a María como la Madre de Dios, creo que 'Madre de Cristo' es más apropiado
0%
¿cómo somos salvos? [SOTEROLOGÍA] 1 Por gracia sola y por ningún mérito, únicamente recibida por fe, depositada en Cristo solo
0%
¿cuál es la fuente principal y/o infalible de autoridad? 1 Solo las Escrituras
0%
¿qué es Dios para ti? 2 Dios es un humano que se divinizó, e intenta ayudar a la humanidad
0%
¿cómo, o por quién, debería ser gobernada la iglesia? 2 La iglesia debería ser regional o nacional, pero con comunión entre dististas naciones
0%
¿cuál es tu entendimiento del Espíritu Santo? 2 La tercer persona de la Trinidad, Señor, dador de vida; procedente del Padre.
0%
el rol de la tradición en tu vida. 2 Respetado e informativo, pero subordinado a las Escrituras y a sus correcciones
0%
¿se puede perder la salvación? [APOSTASÍA] 2 Si, la salvación puede ser perdida por el abandono de fe
0%
¿está Cristo presente en la comunión? 2 Sí, pero la carne y la sangre de Él son recibidas mediante el Espíritu Santo
0%
¿quién es Dios para ti? 2 Solo hay un Dios: el Padre
0%
¿cuál es la fuente principal y/o infalible de autoridad? 2 Solo la Iglesia, ya sea mi organización o el concenso de los patriarcas
0%
¿cómo ves a María y a los santos? 2 Son respetados como héroes, pero no se les rinde veneración
0%
¿que onda con el libre albedrío? 3 A través de Su conocimiento, Él establece las condiciones iniciales del mundo.
0%
¿a quién deberíamos bautizar? 3 El bautismo es malo, ¡apeguense a las tradiciones judías!
0%
¿porqué Cristo tuvo que morir? 3 El sufrimiento de Cristo mostró el descontento de Dios con el pecado, permitiendo la redención
0%
¿quién es Dios para ti? 3 Hay tres dioses, unidos en propósito pero no en esencia
0%
¿cómo es el fin del mundo? 3 Hay un rapto antes de la tribulación
0%
¿qué es Dios para ti? 3 Hay varios dioses
0%
¿quién puede ser salvo? 3 La salvación se reduce a las verdades únicas de mi organización
0%
¿qué uso le das a los credos y confesiones? 3 Los credos y confesiones son rechazados como no bíblicos
0%
¿cómo ves a María y a los santos? 3 María y los santos son figuras históricas importantes, pero el acceso directo a Dios es primordial
0%
¿aceptas los concilios de Vaticano I y Vaticano II? 3 Rechazo totalmente Vaticano II, la iglesia cayó en apostasía con este concilio
0%
¿cuál es tu entendimiento del Espíritu Santo? 3 Una manifestación o título del Dios verdadero, Jesús
0%
¿cuál es tu entendimiento de Jesucristo de Nazaret 3 Un Dios distinto, hermano espiritual de Satanás
0%
¿quién puede ser salvo? 4 Al final, Dios y toda la humanidad se reconciliarán
0%
¿qué es Dios para ti? 4 Dios es un constructo social útil para luchar por la igualdad social
0%
¿que onda con el libre albedrío? 4 Dios predestina a los salvos e ignora a los que se consideran 'impíos'
0%
¿cómo ves a María y a los santos? 4 El concepto de santos o de veneración a María no son bíblicos
0%
¿cuál es tu entendimiento del Espíritu Santo? 4 La fuerza activa del Padre, pero no una persona per se
0%
el rol de la tradición en tu vida. 4 Mayormente rechazada por ser considerada como 'invenciones humanas'
0%
¿cómo, o por quién, debería ser gobernada la iglesia? 4 Por el papa de Alejandría
0%
¿aceptas los concilios de Vaticano I y Vaticano II? 4 Rechazo Vaticano II, y desconfío de Vaticano I
0%
¿aceptas los concilios de Vaticano I y Vaticano II? 5 Ambos concilios son falsos, Trento fue el último concilio autoritativo
0%
¿cómo somos salvos? [SOTEROLOGÍA] 5 A través de la fe, conocimiento de Jehová, dedicación, bautismo y lealtad a la iglesia
0%
¿quién es Dios para ti? 5 Dios Es el padre y el Hijo
0%
¿cómo es el fin del mundo? 5 Hay un rapto al final de la tribulación
0%
¿porqué Cristo tuvo que morir? 5 La muerte de Cristo fue un pago hecho al Diablo
0%
¿se puede perder la salvación? [APOSTASÍA] 5 No, una vez salvo, siempre salvo.
0%
¿cuál es la fuente principal y/o infalible de autoridad? 5 Solo las Escrituras, pero vistas en el marco de la Tradición
0%
¿cuál es tu entendimiento del Espíritu Santo? 5 Un Dios distinto, que colabora con el Padre y el Hijo
0%
¿cómo es el fin del mundo? 6 Cristo ya ha vuelto espiritualmente
0%
¿qué es Dios para ti? 6 Dios es bueno, no como Yahveh, del antiguo testamento
0%
¿que onda con el libre albedrío? 6 Dios ya predestinó quienes serán salvos, por lo que evangelizar es inútil
0%
¿cómo ves a la muerte? 6 El cielo se refiere a una tierra renovada
0%
¿porqué Cristo tuvo que morir? 6 ¡Él nunca murió!
0%
¿quién es Dios para ti? 6 El Padre, Hijo y María son Dios
0%
¿cuál es la fuente principal y/o infalible de autoridad? 6 Los Antiguo y Nuevo Testamentos, junto con escrituras adicionales reveladas por profetas
0%
¿cómo somos salvos? [SOTEROLOGÍA] 6 Por fe, arrepentimiento, bautismo en el nombre de Cristo y recibir al E.S. al hablar en lenguas
0%
¿cómo, o por quién, debería ser gobernada la iglesia? 6 Por los presbiteres, cargo igual a los obispos; como San Jerónimo dijo
0%
¿cuál es tu entendimiento de Jesucristo de Nazaret 6 Un maestro humano o profeta, o alguien que tenía conocimiento elevado
0%
¿cómo, o por quién, debería ser gobernada la iglesia? 7 Las iglesias deberían gobernarse por congregaciones locales, unidas por la comunidad
0%
¿cómo ves a la muerte? 7 No hay infierno, los impíos dejan de existir
0%
¿que onda con el libre albedrío? 7 Predestinación simple: Predestinado a creer, decidió no creer (Luteranismo)
0%
¿cómo, o por quién, debería ser gobernada la iglesia? 8 Los pastores deberían de gobernar sus propias iglesias de la manera que quieran
0%
¿cómo ves a la muerte? 8 No hay infierno, todos somos salvos
0%
¿cómo somos salvos? [SOTEROLOGÍA] 8 Por gracia a través de fe, lo que lleva a participar en la naturaleza divina
0%
¿cómo somos salvos? [SOTEROLOGÍA] 9 Cuando estás de acuerdo conmigo >:)
0%
¿que onda con el libre albedrío? 9 Toda la humanidad está predestinada a la salvación
0%
No se encontraron pruebas coincidentes
Distribución de puntuación
Porcentaje de gente con cada puntuación
Porcentaje por número respondido
Historial de tus puntuaciones
No has intentado esta prueba.